Statistics for Studio Ghibli Movies

Click here to take the quiz!

General Stats

  • This quiz has been taken 1,717 times
    (1,226 since last reset)
  • The average score is 11 of 23

Answer Stats

HintAnswer% Correct
2001Spirited Away
94%
2004Howl's Moving Castle
86%
2008Ponyo
81%
1997Princess Mononoke
78%
1988My Neighbor Totoro
77%
1989Kiki's Delivery Service
75%
1986Castle in the Sky
70%
1992Porco Rosso
60%
1988Grave of the Fireflies
58%
2013The Wind Rises
54%
2002The Cat Returns
50%
1995Whisper of the Heart
46%
2014When Marnie Was There
42%
1994Pom Poko
41%
2011From Up on Poppy Hill
40%
2010The Secret World of Arrietty
34%
1991Only Yesterday
32%
2006Tales from Earthsea
31%
1993Ocean Waves
28%
1999My Neighbors the Yamadas
27%
2013The Tale of the Princess Kaguya
22%
2016The Red Turtle
18%
2020Earwing and the Witch
4%

Score Distribution

Percentile by Number Answered

Percent of People with Each Score

Your Score History

You have not taken this quiz since the last reset